<?xml version="1.0" encoding="UTF-8"?>
<collection xmlns="http://www.loc.gov/MARC21/slim">
 <record>
  <leader>01904nam a2200241Ia 4500</leader>
  <controlfield tag="001">CTU_197051</controlfield>
  <controlfield tag="008">210402s9999    xx            000 0 und d</controlfield>
  <datafield tag="020" ind1=" " ind2=" ">
   <subfield code="c">65000</subfield>
  </datafield>
  <datafield tag="082" ind1=" " ind2=" ">
   <subfield code="a">895.922803</subfield>
  </datafield>
  <datafield tag="082" ind1=" " ind2=" ">
   <subfield code="b">D513</subfield>
  </datafield>
  <datafield tag="100" ind1=" " ind2=" ">
   <subfield code="a">Đinh, Văn Dũng</subfield>
  </datafield>
  <datafield tag="245" ind1=" " ind2="0">
   <subfield code="a">Đất Quảng chân dung từ cuộc chiến :</subfield>
  </datafield>
  <datafield tag="245" ind1=" " ind2="0">
   <subfield code="b">Bút ký</subfield>
  </datafield>
  <datafield tag="245" ind1=" " ind2="0">
   <subfield code="c">Đinh Văn Dũng</subfield>
  </datafield>
  <datafield tag="260" ind1=" " ind2=" ">
   <subfield code="a">Đà Nẵng</subfield>
  </datafield>
  <datafield tag="260" ind1=" " ind2=" ">
   <subfield code="b">Nxb. Đà Nẵng</subfield>
  </datafield>
  <datafield tag="260" ind1=" " ind2=" ">
   <subfield code="c">2013</subfield>
  </datafield>
  <datafield tag="520" ind1=" " ind2=" ">
   <subfield code="a">Cuốn sách “Đất Quảng - Chân dung từ cuộc chiến” của nhà báo Đinh Văn Dũng vừa được ấn hành, như góp thêm ý nghĩa hướng về kỷ niệm những ngày tháng ba lịch sử, ghi dấu tấm lòng trân quý những cống hiến hy sinh của người Quảng trong cuộc đấu tranh giành độc lập.Không dày lắm với hơn 250 trang sách kể lại câu chuyện của 29 cá nhân, tập thể, sự kiện lịch sử, nhưng cuốn sách lại mang “sức nặng” ở chỗ mà nhà nghiên cứu Nguyễn Đình An cảm nhận là tác giả đã “cố gắng phác họa gương mặt con người là chủ thể và cũng là sản phẩm của cuộc chiến”, đồng thời làm người đọc “có thể chạnh lòng với tác giả, hay có thể ngạc nhiên về nhiều người trong cuộc chiến thành tích đầy mình sao giờ đây họ còn chịu  nhiều thiệt thòi mà lại “chẳng hỏi đòi chi, hồn giản dị”...”.</subfield>
  </datafield>
  <datafield tag="650" ind1=" " ind2=" ">
   <subfield code="a">Vietnamese literature,Văn học Việt Nam</subfield>
  </datafield>
  <datafield tag="650" ind1=" " ind2=" ">
   <subfield code="x">Thế kỷ 21</subfield>
  </datafield>
  <datafield tag="650" ind1=" " ind2=" ">
   <subfield code="y">21st century</subfield>
  </datafield>
  <datafield tag="904" ind1=" " ind2=" ">
   <subfield code="i">Tuyến</subfield>
  </datafield>
  <datafield tag="980" ind1=" " ind2=" ">
   <subfield code="a">Trung tâm Học liệu Trường Đại học Cần Thơ</subfield>
  </datafield>
 </record>
</collection>
